Behavioral research methods in environmental design (Record no. 416438)

000 -LEADER
fixed length control field 00455cam a22001337a 4500
008 - FIXED-LENGTH DATA ELEMENTS--GENERAL INFORMATION
fixed length control field 180718b1975 xxu||||| |||| 00| 0 eng d
020 ## - INTERNATIONAL STANDARD BOOK NUMBER
International Standard Book Number 0470601450
082 ## - DEWEY DECIMAL CLASSIFICATION NUMBER
Classification number B 084 M582
245 ## - TITLE STATEMENT
Title Behavioral research methods in environmental design
Statement of responsibility, etc. edited by William Michelson
260 ## - PUBLICATION, DISTRIBUTION, ETC.
Place of publication, distribution, etc. Stroudsburg
Name of publisher, distributor, etc. Dowden, Hutchinson & Ross
Date of publication, distribution, etc. 1975
300 ## - PHYSICAL DESCRIPTION
Extent 307p
650 ## - SUBJECT ADDED ENTRY--TOPICAL TERM
Topical term or geographic name entry element Social sciences -Methodology.Human ecology.City planning.
700 ## - ADDED ENTRY--PERSONAL NAME
Personal name Michelson, William .ed
Holdings
Withdrawn status Lost status Damaged status Not for loan Permanent Location Current Location Date acquired Full call number Barcode Date last seen Price effective from Koha item type
        Indian Institute of Public Administration Indian Institute of Public Administration 2009-03-17 B 084 M582 50333 2018-07-21 2018-07-21 Book

Powered by Koha